00657nam a2200181 a 450000100100000000500170001000800410002704000250006808200170009310000270011024500590013726000340019630000210023050400740025104900090032595201240033499900170045800002370820200930022415.0101220nuuuuuuuudr r 000 0 spa d aDO-SdBNPbspacBNPHU axxxxxbB446g1 aBello, Andrés94882510aGramática de la lengua castellana /cAndrés Bello. a[s. l.] :b[s. n.],c[s. f.]. a379 p. ;c20 cm. aIncluye referencias bibliográficas y notas al pie de las páginas. aBNGR 001054708PDaGRbGRcCTd2010-12-20iLF1l0oxxxxx B446gp23708-10r2020-06-25w2020-06-25yLFPDZPréstamo en sala c23204d23204